[Event "Bratislava exe op 2nd"]
[Site "Bratislava"]
[Date "2024.09.15"]
[Round "2"]
[White "Compel, Daniel"]
[Black "Striskova, Lucia"]
[Result "1/2-1/2"]
[WhiteElo "2174"]
[BlackElo "1937"]
[PlyCount "71"]
[EventDate "2024.09.14"]
[EventType "swiss"]
[EventRounds "9"]
[EventCountry "SVK"]
[SourceTitle "EXT 2025"]
[Source "ChessBase"]
[SourceDate "2024.10.14"]
[SourceVersion "1"]
[SourceVersionDate "2024.10.14"]
[SourceQuality "1"]

1. d4 Nf6 2. c4 e6 3. Nf3 d5 4. Nc3 Be7 5. Bf4 0-0 6. e3 c5 7. dxc5 dxc4 8. Bxc4 Bxc5 9. Qe2 a6 10. 0-0 b5 11. Rfd1 Qe7 12. Bd3 h6 13. Rac1 Bb7 14. Ne5 Nc6 15. a3 Nxe5 16. Bxe5 Rfc8 17. b4 Ba7 18. Bd6 Qe8 19. Bb1 Bb8 20. Bc5 Ba7 21. Bxa7 Rxa7 22. e4 e5 23. Qe3 Raa8 24. Ba2 Rd8 25. Nd5 Bxd5 26. Bxd5 Nxd5 27. exd5 Rd6 28. Rc5 Rad8 29. h3 f6 30. Qe4 Kh8 31. f4 exf4 32. Qxf4 Qf7 33. Qf5 Qg8 34. Kh2 Qe8 35. Rd3 Qe5+ 36. Qxe5 1/2-1/2

[Event "Piestany Slovakia op-A"]
[Site "Piestany"]
[Date "2024.07.16"]
[Round "8"]
[White "Kwon, Sehyun"]
[Black "Compel, Daniel"]
[Result "1-0"]
[WhiteElo "2285"]
[BlackElo "2170"]
[PlyCount "86"]
[EventDate "2024.07.09"]
[EventType "swiss"]
[EventRounds "9"]
[EventCountry "SVK"]
[SourceTitle "EXT 2025"]
[Source "ChessBase"]
[SourceDate "2024.10.14"]
[SourceVersion "1"]
[SourceVersionDate "2024.10.14"]
[SourceQuality "1"]

1. e4 c5 2. Nf3 d6 3. Bb5+ Bd7 4. c4 a6 5. Bxd7+ Qxd7 6. Nc3 Nf6 7. 0-0 g6 8. d4 cxd4 9. Nxd4 Bg7 10. f3 0-0 11. Be3 Nc6 12. Qd3 Ne5 13. Qe2 Rac8 14. b3 b5 15. Nd5 Nxd5 16. cxd5 e6 17. dxe6 fxe6 18. Rad1 Nc6 19. Qd2 Nxd4 20. Bxd4 Rc6 21. Qb4 Bxd4+ 22. Rxd4 Qa7 23. Kh1 Qc5 24. Qd2 Rd8 25. Rd1 Kg7 26. h3 h6 27. b4 Qa7 28. Qe1 Qe7 29. Qg3 Qg5 30. Qxg5 hxg5 31. Kh2 Kf6 32. Kg3 Rd7 33. Kg4 Rc2 34. g3 Rc6 35. e5+ Kxe5 36. Kxg5 d5 37. f4+ Kd6 38. R4d3 Rc4 39. a3 Rh7 40. g4 Re7 41. Re3 d4 42. h4 Rc3 43. Re5 Re3 1-0

[Event "Piestany Slovakia op-A"]
[Site "Piestany"]
[Date "2024.07.14"]
[Round "6"]
[White "Dubnevych, Maksym"]
[Black "Compel, Daniel"]
[Result "1-0"]
[WhiteElo "2283"]
[BlackElo "2170"]
[PlyCount "149"]
[EventDate "2024.07.09"]
[EventType "swiss"]
[EventRounds "9"]
[EventCountry "SVK"]
[SourceTitle "EXT 2025"]
[Source "ChessBase"]
[SourceDate "2024.10.14"]
[SourceVersion "1"]
[SourceVersionDate "2024.10.14"]
[SourceQuality "1"]

1. d4 Nf6 2. c4 e6 3. Nf3 d5 4. g3 Be7 5. Bg2 0-0 6. 0-0 dxc4 7. Qc2 a6 8. a4 Bd7 9. Rd1 Bc6 10. Bg5 Be4 11. Qxc4 c6 12. Nc3 Bd5 13. Qd3 Bxf3 14. Bxf3 a5 15. e4 Na6 16. h4 h6 17. Be3 Nb4 18. Qe2 Rc8 19. Rac1 Qd7 20. Bg2 Rfd8 21. g4 Nh7 22. h5 Qe8 23. f4 Nf6 24. Bf3 c5 25. Nb5 cxd4 26. Bxd4 Rxc1 27. Rxc1 Rc8 28. Rc3 Qd8 29. Kg2 Nc6 30. Be3 e5 31. g5 Nd7 32. gxh6 exf4 33. Bxf4 Bb4 34. Rc2 Qf6 35. Qe3 Bc5 36. Rxc5 Nxc5 37. e5 Qf5 38. Nd6 Qc2+ 39. Kg3 Ne7 40. Bg5 Nf5+ 41. Nxf5 Qxf5 42. Bg4 Ne4+ 43. Kh4 Qxg5+ 44. Qxg5 Nxg5 45. Bxc8 Nf3+ 46. Kg3 Nxe5 47. hxg7 Kxg7 48. Bxb7 Kh6 49. Kh4 f5 50. Bd5 Nd3 51. b3 Nc5 52. Bf7 Ne4 53. Be6 Nc5 54. Bd5 Nd3 55. Bf3 Ne5 56. Be2 f4 57. Bd1 f3 58. Kg3 Kxh5 59. Kf4 Nd3+ 60. Kxf3 Kg5 61. Ke3 Nb4 62. Kd4 Kf6 63. Bg4 Ke7 64. Kc5 Kd8 65. Kb6 Nd5+ 66. Kxa5 Kc7 67. Kb5 Nc3+ 68. Kc4 Ne4 69. b4 Nd6+ 70. Kd5 Ne8 71. Kc5 Nd6 72. Bf3 Nc8 73. a5 Kb8 74. b5 Ne7 75. b6 1-0

[Event "Piestany Slovakia op-A"]
[Site "Piestany"]
[Date "2024.07.13"]
[Round "5"]
[White "Compel, Daniel"]
[Black "Elias, David"]
[Result "1-0"]
[WhiteElo "2170"]
[BlackElo "2266"]
[PlyCount "67"]
[EventDate "2024.07.09"]
[EventType "swiss"]
[EventRounds "9"]
[EventCountry "SVK"]
[SourceTitle "EXT 2025"]
[Source "ChessBase"]
[SourceDate "2024.10.14"]
[SourceVersion "1"]
[SourceVersionDate "2024.10.14"]
[SourceQuality "1"]

1. d4 d5 2. c4 dxc4 3. Nf3 Nf6 4. e3 e6 5. Bxc4 c5 6. 0-0 a6 7. Nbd2 cxd4 8. Nxd4 Bc5 9. Bd3 0-0 10. N2f3 Nbd7 11. Qc2 b6 12. b4 Bxd4 13. Nxd4 Bb7 14. Bb2 Ne5 15. Rfd1 Nxd3 16. Qxd3 Qd5 17. f3 a5 18. e4 Qd7 19. bxa5 bxa5 20. Qb5 Rfd8 21. Qe5 Qa4 22. h4 Rab8 23. Nb3 Rxd1+ 24. Rxd1 Ra8 25. Qc7 Qb4 26. Bc3 Qb5 27. Rd8+ Rxd8 28. Qxd8+ Ne8 29. Qxa5 Qd3 30. Qc5 Qb1+ 31. Kh2 Qxa2 32. Na5 Bxe4 33. fxe4 Qe2 34. Qc6 1-0

[Event "Piestany Slovakia op-A"]
[Site "Piestany"]
[Date "2024.07.10"]
[Round "2"]
[White "Raczek, Krzysztof"]
[Black "Compel, Daniel"]
[Result "1-0"]
[WhiteElo "2344"]
[BlackElo "2170"]
[PlyCount "47"]
[EventDate "2024.07.09"]
[EventType "swiss"]
[EventRounds "9"]
[EventCountry "SVK"]
[SourceTitle "EXT 2025"]
[Source "ChessBase"]
[SourceDate "2024.10.14"]
[SourceVersion "1"]
[SourceVersionDate "2024.10.14"]
[SourceQuality "1"]

1. e4 c5 2. Nf3 d6 3. Bb5+ Nd7 4. a4 Ngf6 5. Nc3 e6 6. 0-0 Be7 7. d4 cxd4 8. Qxd4 0-0 9. Rd1 Qc7 10. a5 Ne5 11. Nxe5 dxe5 12. Qc4 Qxc4 13. Bxc4 Bd7 14. a6 Bc6 15. axb7 Bxb7 16. Be3 Bb4 17. f3 Rfc8 18. Bb3 Bc5 19. Kf2 Kf8 20. Ra5 Bxe3+ 21. Kxe3 Bc6 22. Rxe5 a5 23. Rc5 Ke7 24. Ra1 1-0

[Event "Piestany Slovakia op-A"]
[Site "Piestany"]
[Date "2024.07.09"]
[Round "1"]
[White "Compel, Daniel"]
[Black "Hollan, Martin"]
[Result "1-0"]
[WhiteElo "2170"]
[BlackElo "2373"]
[PlyCount "109"]
[EventDate "2024.07.09"]
[EventType "swiss"]
[EventRounds "9"]
[EventCountry "SVK"]
[SourceTitle "EXT 2025"]
[Source "ChessBase"]
[SourceDate "2024.10.14"]
[SourceVersion "1"]
[SourceVersionDate "2024.10.14"]
[SourceQuality "1"]

1. d4 Nf6 2. c4 e6 3. Nf3 d5 4. Nc3 Bb4 5. Qa4+ Nc6 6. e3 0-0 7. Bd2 Re8 8. a3 Bf8 9. Rd1 Ne4 10. Bd3 Nxd2 11. Rxd2 a6 12. 0-0 g6 13. Rc1 Ne7 14. h3 c6 15. Qc2 b6 16. b4 dxc4 17. Bxc4 b5 18. Bb3 Bb7 19. Ne4 Nd5 20. Ne5 Rc8 21. Nc5 Ba8 22. Nxa6 Qb6 23. Nc5 Qa7 24. Bxd5 exd5 25. Ra1 Bd6 26. Nf3 Bb7 27. a4 Ra8 28. a5 Bc8 29. Ne5 Qc7 30. Ncd3 Ra6 31. Rc1 f6 32. Nf3 g5 33. Nc5 Ra7 34. Re1 Qf7 35. e4 g4 36. hxg4 Bxg4 37. Nh4 Rae7 38. g3 dxe4 39. Rxe4 Rxe4 40. Nxe4 Bxb4 41. Qxc6 Rc8 42. Nxf6+ Kh8 43. Qxb5 Bxd2 44. Nxg4 Qe8 45. Qf5 Qf8 46. Qe5+ Qg7 47. Qe6 Qb7 48. Kh2 Rf8 49. Nf5 Bg5 50. a6 Qc7 51. a7 Ra8 52. Ne5 Qc8 53. Nf7+ Kg8 54. N7h6+ Kf8 55. Qf7# 1-0

[Event "SVK-chT2A 2324"]
[Site "Slovakia"]
[Date "2024.02.10"]
[Round "8.3"]
[White "Compel, Daniel"]
[Black "Gasa, Andrej"]
[Result "0-1"]
[WhiteElo "2214"]
[BlackElo "2139"]
[PlyCount "76"]
[EventDate "2023.10.07"]
[EventType "team-tourn"]
[EventRounds "11"]
[EventCountry "SVK"]
[SourceTitle "EXT 2025"]
[Source "ChessBase"]
[SourceDate "2024.10.14"]
[SourceVersion "1"]
[SourceVersionDate "2024.10.14"]
[SourceQuality "1"]
[WhiteTeam "Bratislava Doprastav II"]
[BlackTeam "Piestany Kupele"]
[WhiteTeamCountry "SVK"]
[BlackTeamCountry "SVK"]

1. d4 Nf6 2. c4 e6 3. Nf3 d5 4. Nc3 Be7 5. Bf4 0-0 6. e3 b6 7. cxd5 Nxd5 8. Nxd5 exd5 9. Bd3 c5 10. dxc5 bxc5 11. 0-0 Nc6 12. Ne5 Nxe5 13. Bxe5 Be6 14. Qc2 g6 15. Qc3 f6 16. Bg3 Qb6 17. a3 Rac8 18. Rfe1 Rfd8 19. Rad1 Bf7 20. h4 Bf8 21. h5 Re8 22. Rc1 Bg7 23. b4 c4 24. Bc2 f5 25. Qd2 Qf6 26. hxg6 hxg6 27. Ba4 Red8 28. Red1 Qa6 29. Qc2 Bf6 30. Rb1 Kg7 31. f3 Be6 32. Be1 Qb6 33. Bf2 Qa6 34. Be1 f4 35. Bc3 Bf5 36. e4 d4 37. exf5 dxc3 38. fxg6 Rd3 0-1

[Event "SVK-chT1W 2324"]
[Site "Slovakia"]
[Date "2023.11.26"]
[Round "4.6"]
[White "Compel, Daniel"]
[Black "Jablonicky, Frantisek"]
[Result "1/2-1/2"]
[WhiteElo "2214"]
[BlackElo "2024"]
[PlyCount "102"]
[EventDate "2023.10.21"]
[EventType "team-tourn"]
[EventRounds "11"]
[EventCountry "SVK"]
[SourceTitle "EXT 2025"]
[Source "ChessBase"]
[SourceDate "2024.10.14"]
[SourceVersion "1"]
[SourceVersionDate "2024.10.14"]
[SourceQuality "1"]
[WhiteTeam "Bratislava Doprastav"]
[BlackTeam "Trnava Sered"]
[WhiteTeamCountry "SVK"]
[BlackTeamCountry "SVK"]

1. Nf3 f5 2. d4 Nf6 3. c4 g6 4. g3 Bg7 5. Bg2 0-0 6. 0-0 d6 7. Nc3 Qe8 8. b3 e5 9. dxe5 dxe5 10. e4 Nc6 11. Ba3 Rf7 12. Re1 f4 13. h3 fxg3 14. fxg3 Nh5 15. Kh2 Nd4 16. Nb5 Nxb5 17. cxb5 h6 18. Qd5 Rb8 19. Rad1 Bd7 20. Bb2 Nf6 21. Qc5 b6 22. Qc2 Bxb5 23. a4 Bd7 24. Nxe5 Re7 25. Nc4 Be6 26. e5 Bf5 27. Qf2 Nd7 28. Bc6 Be6 29. Qc2 Bf5 30. Qd2 Qc8 31. Ba3 Nc5 32. Bxc5 bxc5 33. Qd5+ Kh7 34. Qxc5 Bf8 35. Qxa7 Rxb3 36. Qd4 Bxh3 37. Ne3 Be6 38. Nd5 Bxd5 39. Bxd5 Rb8 40. Rf1 Bg7 41. Rde1 c6 42. Bg2 Qe6 43. Qc5 Rb2 44. Kh1 Bxe5 45. Rxe5 Qxe5 46. Rf7+ Kg8 47. Qxe7 Rb1+ 48. Kh2 Qh5+ 49. Bh3 Rb2+ 50. Kg1 Qd1+ 51. Rf1 Qd4+ 1/2-1/2

[Event "SVK-chT2A 2324"]
[Site "Slovakia"]
[Date "2023.11.12"]
[Round "4.3"]
[White "Compel, Daniel"]
[Black "Nicolini, Alexander"]
[Result "1/2-1/2"]
[WhiteElo "2214"]
[BlackElo "2131"]
[PlyCount "150"]
[EventDate "2023.10.07"]
[EventType "team-tourn"]
[EventRounds "11"]
[EventCountry "SVK"]
[SourceTitle "EXT 2025"]
[Source "ChessBase"]
[SourceDate "2024.10.14"]
[SourceVersion "1"]
[SourceVersionDate "2024.10.14"]
[SourceQuality "1"]
[WhiteTeam "Bratislava Doprastav II"]
[BlackTeam "Trnava Lokomotiva"]
[WhiteTeamCountry "SVK"]
[BlackTeamCountry "SVK"]

1. d4 f5 2. g3 Nf6 3. Bg2 e6 4. c4 Be7 5. Nf3 0-0 6. 0-0 d5 7. b3 c6 8. Ba3 Ne4 9. Bxe7 Qxe7 10. Qc2 Nd7 11. Nbd2 Ndf6 12. Ne5 Bd7 13. f3 Nd6 14. e4 Nf7 15. Nxf7 Rxf7 16. e5 Ne8 17. f4 g5 18. fxg5 Qxg5 19. Rf4 Ng7 20. Bf3 Re7 21. b4 Be8 22. b5 Bh5 23. Bg2 Bg4 24. Qd3 Nh5 25. Rf2 f4 26. gxf4 Nxf4 27. Qg3 Nh5 28. Qc3 Rg7 29. Raf1 h6 30. Nf3 Qg6 31. Kh1 Kh8 32. cxd5 cxd5 33. Nh4 Qg5 34. Rf8+ Rg8 35. Rxa8 Rxa8 36. Nf3 Qg7 37. Ne1 Rg8 38. Qe3 Qg6 39. Rg1 Bf5 40. Nf3 Be4 41. Ne1 Ng7 42. Bf3 Qh7 43. Bxe4 Qxe4+ 44. Qxe4 dxe4 45. Rg4 e3 46. Rg3 Rd8 47. Rxe3 Rxd4 48. Nf3 Rb4 49. Ra3 Rxb5 50. Rxa7 Kh7 51. Nd4 Rb6 52. a4 Kg6 53. Kg2 Nf5 54. Nb5 Kg5 55. Kf3 h5 56. Ra8 Rc6 57. Rb8 b6 58. Re8 Rc5 59. Nd6 Ra5 60. Rg8+ Kh6 61. Nxf5+ exf5 62. Kf4 Rxa4+ 63. Kxf5 Ra2 64. Kf6 Rf2+ 65. Ke7 Rxh2 66. e6 h4 67. Ke8 Re2 68. e7 Kh5 69. Kf7 Rf2+ 70. Kg7 Rg2+ 71. Kf7 Rf2+ 72. Ke6 Re2+ 73. Kd7 h3 74. e8Q+ Rxe8 75. Kxe8 Kh4 1/2-1/2

[Event "SVK-chT1W 2324"]
[Site "Slovakia"]
[Date "2023.10.22"]
[Round "2.6"]
[White "Bebjak, Martin"]
[Black "Compel, Daniel"]
[Result "1/2-1/2"]
[WhiteElo "2056"]
[BlackElo "2242"]
[PlyCount "83"]
[EventDate "2023.10.21"]
[EventType "team-tourn"]
[EventRounds "11"]
[EventCountry "SVK"]
[SourceTitle "EXT 2025"]
[Source "ChessBase"]
[SourceDate "2024.10.14"]
[SourceVersion "1"]
[SourceVersionDate "2024.10.14"]
[SourceQuality "1"]
[WhiteTeam "Povazska Bystrica"]
[BlackTeam "Bratislava Doprastav"]
[WhiteTeamCountry "SVK"]
[BlackTeamCountry "SVK"]

1. e4 c5 2. c4 Nc6 3. Nc3 g6 4. g3 Bg7 5. Bg2 e6 6. Nge2 Nge7 7. 0-0 0-0 8. d3 a6 9. Rb1 b5 10. b3 Rb8 11. f4 d6 12. g4 f5 13. exf5 gxf5 14. gxf5 Rxf5 15. Ne4 Nd4 16. N2g3 Rf8 17. Kh1 Bb7 18. Nh5 Nef5 19. Qg4 Qe7 20. Rg1 Kh8 21. Nxg7 Nxg7 22. Bb2 Ngf5 23. Ng5 Bxg2+ 24. Qxg2 Rf6 25. Rbe1 Rbf8 26. Re4 bxc4 27. dxc4 h6 28. Nf3 Qh7 29. Nxd4 cxd4 30. Bxd4 Nxd4 31. Rxd4 e5 32. fxe5 dxe5 33. Rd2 e4 34. Re2 Re8 35. Rge1 e3 36. Qd5 Qg7 37. Rg2 Qf8 38. Qd4 Kh7 39. Qd3+ Kh8 40. Qd4 Kh7 41. Qd3+ Kh8 42. Qd4 1/2-1/2

[Event "SVK-chT1W 2324"]
[Site "Slovakia"]
[Date "2023.10.21"]
[Round "1.6"]
[White "Compel, Daniel"]
[Black "Sosovickova, Jana"]
[Result "1/2-1/2"]
[WhiteElo "2242"]
[BlackElo "2013"]
[PlyCount "46"]
[EventDate "2023.10.21"]
[EventType "team-tourn"]
[EventRounds "11"]
[EventCountry "SVK"]
[SourceTitle "EXT 2025"]
[Source "ChessBase"]
[SourceDate "2024.10.14"]
[SourceVersion "1"]
[SourceVersionDate "2024.10.14"]
[SourceQuality "1"]
[WhiteTeam "Bratislava Doprastav"]
[BlackTeam "Dubnica nad Vahom II"]
[WhiteTeamCountry "SVK"]
[BlackTeamCountry "SVK"]

1. d4 d5 2. c4 e6 3. Nf3 Nf6 4. Nc3 Nbd7 5. cxd5 exd5 6. Bf4 c6 7. e3 Nh5 8. Be5 Nxe5 9. dxe5 g6 10. Be2 Ng7 11. e4 dxe4 12. Qxd8+ Kxd8 13. 0-0-0+ Kc7 14. Ng5 Be6 15. Ngxe4 Be7 16. g4 h5 17. h3 Rad8 18. Rdf1 g5 19. Ng3 h4 20. Nge4 Rd4 21. Rd1 Rhd8 22. Rxd4 Rxd4 23. Rd1 Rxd1+ 1/2-1/2